Normal view MARC view

Entry Personal Name

Number of records used in: 2

001 - CONTROL NUMBER

  • control field: 67813

003 - CONTROL NUMBER IDENTIFIER

  • control field: dpl

005 - DATE AND TIME OF LATEST TRANSACTION

  • control field: 20240626165516.0

008 - FIXED-LENGTH DATA ELEMENTS

  • fixed length control field: 240626|| aca||aabn | a|a d

040 ## - CATALOGING SOURCE

  • Original cataloging agency: dpl
  • Transcribing agency: dpl

100 ## - HEADING--PERSONAL NAME

  • Personal name: Sehgal Vivek

670 ## - SOURCE DATA FOUND

  • Source citation: Work cat.: (dpl)203760: Sehgal Vivek, PLA Modernisation and Force Restructuring/, 2023

© Delhi Public Library
Hit Counter
free hit counter